|
|
|
|
| LEADER |
00000cam a2200000 7i4500 |
| 001 |
0000007767 |
| 002 |
000008337 |
| 005 |
20000330.0 |
| 020 |
|
|
|a 1853105864
|
| 090 |
0 |
0 |
|a 940.44
|b FIG
|
| 245 |
0 |
0 |
|a Fighting aircraft of World War II
|c editid by Karen Leverington
|
| 260 |
|
|
|a England :
|b Airlife Publishing Ltd. ,
|c 1995
|
| 260 |
|
|
|a England :
|b Airlife ,
|c 1995
|
| 300 |
|
|
|a 121p. :
|b ill. ;
|c 22cm.
|
| 650 |
0 |
0 |
|a Fighter plane combat
|
| 650 |
0 |
0 |
|a World War II
|x Fighting Aircraft
|
| 700 |
1 |
|
|a Leverington, Karen
|
| 999 |
|
|
|a 052938
|b BUKU
|c PINJAMAN
|e PERPUSTAKAAN KOMUNITI PETALING JAYA
|
| 999 |
|
|
|a 052939
|b BUKU
|c PINJAMAN
|e PERPUSTAKAAN KOMUNITI PETALING JAYA
|